[Event "85th ch-FRA"]
[Site "Belfort FRA"]
[Date "2010.08.11"]
[Round "3"]
[White "Bacrot,E"]
[Black "Charnushevich,A"]
[Result "1-0"]
[WhiteElo "2720"]
[BlackElo "2497"]

1.e4 c5 2.Nf3 e6 3.d4 cxd4 4.Nxd4 a6 5.Bd3 Nf6 6.O-O d6 7.c4 g6 8.Nc3 Bg7
9.Be3 O-O 10.Be2 Nbd7 11.Qd2 Qc7 12.f3 Ne5 13.Rac1 Bd7 14.Rfd1 Rfd8 15.Qe1 h6
16.Qf2 b6 17.b4 Be8 18.Nb3 Rab8 19.b5 a5 20.Nd4 Rb7 21.Na4 Rdb8 22.Qe1 g5
23.h4 Nh7 24.g3 gxh4 25.gxh4 h5 26.Qg3 Kh8 27.f4 Ng4 28.Bxg4 hxg4 29.Qxg4 Bd7
30.Qh5 Rg8 31.Kh1 Be8 32.Rg1 f5 33.Qf3 Qe7 34.Bf2 fxe4 35.Qxe4 Bf7 36.Nc6 Qf6
37.Rg2 Qh6 38.Rcg1 Nf6 39.Qe3 Nh5 40.Rg4 Qh7 41.Nc3 Nf6 42.Rg5 Qh6 43.f5 Bf8
44.Rxg8+ Nxg8 45.Qxh6+ Nxh6 46.fxe6 Bxe6 47.Nd8  1-0

[Event "85th ch-FRA"]
[Site "Belfort FRA"]
[Date "2010.08.12"]
[Round "4"]
[White "Tkachiev,V"]
[Black "Bacrot,E"]
[Result "1/2-1/2"]
[WhiteElo "2639"]
[BlackElo "2720"]

1.d4 Nf6 2.c4 e6 3.Nc3 Bb4 4.Qc2 O-O 5.Nf3 c5 6.dxc5 Na6 7.g3 Nxc5 8.Bg2 Nfe4
9.Bd2 Nxd2 10.Nxd2 d6 11.O-O Bd7 12.Nde4 Bxc3 13.Nxc3 Qb6 14.Rad1 h6 15.Rd2 Rfd8
16.Rfd1 Be8 17.Rd4 Rac8 18.Qd2 a5 19.b3 a4 20.bxa4 Bxa4 21.Rb1 Qa6 22.Nxa4 Qxa4
23.Bxb7 Nxb7 24.Rxb7 Rxc4 25.Qf4 Rc1+ 26.Qxc1  1/2-1/2

[Event "85th ch-FRA"]
[Site "Belfort FRA"]
[Date "2010.08.14"]
[Round "6"]
[White "Bauer,Ch"]
[Black "Bacrot,E"]
[Result "1/2-1/2"]
[WhiteElo "2612"]
[BlackElo "2720"]

1.e4 e5 2.Nf3 Nc6 3.Bc4 Bc5 4.c3 Nf6 5.d3 O-O 6.Nbd2 d5 7.exd5 Nxd5 8.O-O Nb6
9.b4 Be7 10.b5 Na5 11.Nxe5 Naxc4 12.Ndxc4 Nxc4 13.Nxc4 Bf5 14.d4 Qd5 15.Ne3 Qxb5
16.c4 Qd7 17.Qf3 Bg6 18.Nd5 Rfe8 19.Nxe7+  1/2-1/2

[Event "85th ch-FRA"]
[Site "Belfort FRA"]
[Date "2010.08.16"]
[Round "7"]
[White "Bacrot,E"]
[Black "Degraeve,JM"]
[Result "1-0"]
[WhiteElo "2720"]
[BlackElo "2569"]

1.e4 Nf6 2.e5 Nd5 3.d4 d6 4.Nf3 dxe5 5.Nxe5 c6 6.Be2 Bf5 7.O-O Nd7 8.Nf3 e6
9.c4 N5f6 10.Bf4 Ne4 11.Bd3 Qf6 12.Qe2 Nd6 13.Bg3 Bxd3 14.Qxd3 Nf5 15.Qb3 O-O-O
16.Rd1 Nxg3 17.hxg3 Qf5 18.Qe3 e5 19.Nc3 exd4 20.Nxd4 Qe5 21.Qf3 Qf6 22.Qg4 h5
23.Qh3 Bb4 24.Ne4 Qe5 25.a3 Be7 26.Nf5 Kc7 27.Re1 Bf8 28.Ned6 Bxd6 29.Rxe5 Bxe5
30.Qh4 g6 31.Ne3 Bxb2 32.Rb1 Be5 33.Qe7 f6 34.Rd1 Kc8 35.Qg7 f5 36.Qxg6 f4
37.gxf4 Bxf4 38.Rxd7  1-0

[Event "85th ch-FRA"]
[Site "Belfort FRA"]
[Date "2010.08.19"]
[Round "10"]
[White "Hamdouchi,H"]
[Black "Bacrot,E"]
[Result "1/2-1/2"]
[WhiteElo "2600"]
[BlackElo "2720"]

1.e4 e5 2.Nf3 Nc6 3.Bb5 Nf6 4.d3 Bc5 5.Bxc6 dxc6 6.Be3 Bd6 7.h3 Nd7 8.Nbd2 c5
9.Nc4 O-O 10.O-O Re8 11.Nfd2 Nf8 12.Nxd6 cxd6 13.f4 exf4 14.Bxf4 Ng6 15.Bg3 Be6
16.Kh2 d5 17.Qh5 f6 18.Rae1 Bf7 19.Qf5 Be6 20.Qh5 Bf7 21.Qf5 Be6  1/2-1/2

[Event "85th ch-FRA"]
[Site "Belfort FRA"]
[Date "2010.08.20"]
[Round "11"]
[White "Bacrot,E"]
[Black "Fressinet,L"]
[Result "1/2-1/2"]
[WhiteElo "2720"]
[BlackElo "2697"]

1.e4 e5 2.Nf3 Nc6 3.Bb5 Nf6 4.O-O Nxe4 5.d4 Be7 6.Qe2 Nd6 7.Bxc6 bxc6 8.dxe5 Nb7
9.Re1 O-O 10.Nc3 Nc5 11.Be3 Ne6 12.Rad1 d5 13.exd6 cxd6 14.Nd4 Nxd4 15.Bxd4 Re8
16.Qf3 Bd7 17.Ne4 d5 18.Qg3 f6 19.Nd6 Bxd6 20.Qxd6 Bg4 21.Qxd8 Raxd8 22.f3 Bf5
23.Bxa7 Bxc2 24.Rxe8+  1/2-1/2

[Event "3rd Pearl Spring"]
[Site "Nanjing CHN"]
[Date "2010.10.22"]
[Round "3"]
[White "Gashimov,V"]
[Black "Bacrot,E"]
[Result "0-1"]
[WhiteElo "2719"]
[BlackElo "2716"]

1.c4 Nf6 2.Nc3 e5 3.Nf3 Nc6 4.g3 g6 5.d4 exd4 6.Nxd4 Bg7 7.Nxc6 dxc6 8.Qxd8+ Kxd8
9.Bd2 Be6 10.Rd1 Kc8 11.b3 a5 12.Bg2 a4 13.Nxa4 Bxc4 14.Nb6+ cxb6 15.bxc4 Rxa2
16.O-O Ng4 17.Bh3 f5 18.e4 Bd4 19.exf5 gxf5 20.Bxg4 fxg4 21.Bf4 Bc5 22.Ra1 Bxf2+
23.Kg2 Rxa1 24.Rxa1 Bd4 25.Ra8+ Kd7 26.Ra7 Ke6 27.Rxb7 Kf5 28.h3 h5 29.hxg4+ hxg4
30.Rc7 c5 31.Rb7 Ra8 32.Rxb6 Ra4 33.Rb8 Ra2+ 34.Kf1 Ke4 35.Bd6 Kd3 36.Rf8 Ra6
37.Be7 Re6 38.Bh4 Kxc4 39.Rf4 Kd3 40.Rxg4 c4 41.Rg8 c3 42.Bg5 c2 43.Rc8 Be3
44.Bxe3 Rxe3 45.Kf2 Re4  0-1

[Event "3rd Pearl Spring"]
[Site "Nanjing CHN"]
[Date "2010.10.23"]
[Round "4"]
[White "Bacrot,E"]
[Black "Anand,V"]
[Result "1-0"]
[WhiteElo "2716"]
[BlackElo "2800"]

1.d4 d5 2.c4 c6 3.Nc3 Nf6 4.Nf3 dxc4 5.a4 Bf5 6.Ne5 e6 7.f3 Bb4 8.e4 Bxe4
9.fxe4 Nxe4 10.Bd2 Qxd4 11.Nxe4 Qxe4+ 12.Qe2 Bxd2+ 13.Kxd2 Qd5+ 14.Kc3 O-O
15.Qe3 b5 16.Be2 Nd7 17.Nxd7 Qxd7 18.Rhd1 Qe7 19.Kc2 a5 20.Bf3 Rac8 21.Qe5 g6
22.axb5 cxb5 23.Qxb5 Rc5 24.Qd7 Qg5 25.Qd4 Rfc8 26.Ra3 Rb5 27.Rd2 Rb4 28.Kd1 Rcb8
29.Ke2 Qb5 30.Ke1 Rxb2 31.Rxb2 Qxb2 32.Qxb2 Rxb2 33.Rxa5 c3 34.Rc5 Rb1+ 35.Ke2 Rc1
36.Kd3 Kg7 37.Rxc3 Rxc3+ 38.Kxc3 f5 39.Kd4 Kf6 40.Bd1 h5 41.Bf3 h4 42.Be2 g5
43.Ba6 g4 44.Bb7 e5+ 45.Kd5 f4 46.Ke4  1-0

[Event "3rd Pearl Spring"]
[Site "Nanjing CHN"]
[Date "2010.10.27"]
[Round "7"]
[White "Topalov,V"]
[Black "Bacrot,E"]
[Result "1-0"]
[WhiteElo "2803"]
[BlackElo "2716"]

1.d4 Nf6 2.c4 e6 3.Nf3 b6 4.g3 Ba6 5.Qc2 Bb7 6.Bg2 c5 7.d5 exd5 8.cxd5 Nxd5
9.O-O Be7 10.Rd1 Nc6 11.Qf5 Nf6 12.e4 d6 13.e5 Qd7 14.Qf4 Nh5 15.Qc4 O-O
16.Nc3 Rae8 17.Be3 Nb4 18.Rd2 Ba6 19.Qb3 Nd3 20.Qa3 Qc8 21.exd6 Bxd6 22.Rad1 Be7
23.Nd5 Nb4 24.Ne5 Nxd5 25.Bxd5 Nf6 26.Bg2 c4 27.Qc3 Bb5 28.h3 Bc5 29.Bxc5 Qxc5
30.Rd5 Nxd5 31.Rxd5 Qc7 32.Rxb5 Rc8 33.Nc6 Rfe8 34.Rb4 Re2 35.Bf3 Re6 36.Rxc4 Rce8
37.Kg2  1-0

[Event "3rd Pearl Spring"]
[Site "Nanjing CHN"]
[Date "2010.10.28"]
[Round "8"]
[White "Bacrot,E"]
[Black "Gashimov,V"]
[Result "1/2-1/2"]
[WhiteElo "2716"]
[BlackElo "2719"]

1.d4 d5 2.c4 c6 3.Nc3 Nf6 4.cxd5 cxd5 5.Nf3 Nc6 6.Bf4 a6 7.Rc1 Bf5 8.e3 Rc8
9.Be2 e6 10.O-O Nd7 11.Qb3 Na5 12.Qa4 Nc6 13.Qb3 Na5 14.Qa4 Nc6  1/2-1/2

[Event "Schachbundesliga 2010-11"]
[Site "Hamburg GER"]
[Date "2010.12.12"]
[Round "6"]
[White "Bacrot,E"]
[Black "Lauber,A"]
[Result "1-0"]
[WhiteElo "2716"]
[BlackElo "2497"]

1.d4 d5 2.c4 e6 3.Nc3 Nf6 4.cxd5 exd5 5.Bg5 Be7 6.e3 c6 7.Bd3 Nbd7 8.Nf3 Nh5
9.Bxe7 Qxe7 10.O-O g6 11.a3 a5 12.Rb1 O-O 13.b4 axb4 14.axb4 Nb6 15.b5 c5
16.dxc5 Qxc5 17.Ne2 Bg4 18.Ne1 Rfc8 19.h3 Bd7 20.Nf3 d4 21.Nexd4 Nd5 22.Rc1 Qxc1
23.Qxc1 Rxc1 24.Rxc1 Nb6  1-0

[Event "27th Christmas Open"]
[Site "Geneva SUI"]
[Date "2010.12.26"]
[Round "1"]
[White "Daverio,E"]
[Black "Bacrot,E"]
[Result "0-1"]
[WhiteElo "2028"]
[BlackElo "2715"]

1.d4 Nf6 2.c4 g6 3.Nc3 Bg7 4.e4 d6 5.f3 O-O 6.Be3 Nc6 7.Nge2 a6 8.Qd2 Rb8
9.h4 h5 10.g4 hxg4 11.Ng3 e5 12.h5 exd4 13.h6 dxe3 14.Qxe3 Bh8 15.h7+ Nxh7
16.Qh6 Bxc3+ 17.bxc3 Re8 18.Qxh7+ Kf8 19.Qh6+ Ke7 20.Qg5+ Kd7 21.Qxg4+ Re6
22.O-O-O Ne5 23.Qf4 Qf6 24.Qe3 Qxf3 25.Qxf3 Nxf3 26.Bh3 Ke7 27.Bxe6 Bxe6
28.Rh7 Bxc4 29.Kb2 b5 30.Rdh1 Rb6 31.Rh8 Ne5 32.Rc8 Rc6 33.Rhh8 a5 34.Rb8 b4
35.cxb4 axb4 36.Rhe8+ Kf6 37.Rec8 Ba6  0-1

[Event "27th Christmas Open"]
[Site "Geneva SUI"]
[Date "2010.12.27"]
[Round "2"]
[White "Bacrot,E"]
[Black "Burnier,D"]
[Result "1-0"]
[WhiteElo "2715"]
[BlackElo "2296"]

1.e4 e5 2.Nf3 Nc6 3.Bb5 a6 4.Ba4 Nf6 5.O-O b5 6.Bb3 Bc5 7.a4 Rb8 8.c3 d6
9.d4 Bb6 10.axb5 axb5 11.Qd3 O-O 12.Bg5 Qe7 13.Nbd2 Bd7 14.Rfe1 Ra8 15.Rad1 Rad8
16.Nf1 h6 17.Bh4 g5 18.Nxg5 hxg5 19.Bxg5 Kg7 20.Qg3 Rg8 21.Ne3 Kf8 22.Nd5 Rxg5
23.Qxg5 Nxd5 24.Qh6+  1-0

[Event "27th Christmas Open"]
[Site "Geneva SUI"]
[Date "2010.12.27"]
[Round "3"]
[White "Foisor,C"]
[Black "Bacrot,E"]
[Result "0-1"]
[WhiteElo "2403"]
[BlackElo "2715"]

1.Nf3 Nf6 2.g3 d5 3.Bg2 e6 4.O-O Be7 5.d4 b5 6.a4 b4 7.c4 bxc3 8.bxc3 Ba6
9.Ba3 O-O 10.Ne5 Nfd7 11.Nd3 Nc6 12.Nb4 Nxb4 13.cxb4 c6 14.Re1 Nb6 15.e4 Re8
16.exd5 Nxd5 17.Qd2 Rb8 18.b5 cxb5 19.Bxe7 Rxe7 20.axb5 Bxb5 21.Bxd5 exd5
22.Nc3 Bc4 23.h4 h6 24.Rxe7 Qxe7 25.Nd1 Qe4 26.Nb2 Rb3 27.Kh2 Bb5 28.Rxa7 Bf1
29.f4 Re3  0-1

[Event "27th Christmas Open"]
[Site "Geneva SUI"]
[Date "2010.12.29"]
[Round "5"]
[White "Khenkin,I"]
[Black "Bacrot,E"]
[Result "1/2-1/2"]
[WhiteElo "2617"]
[BlackElo "2715"]

1.d4 Nf6 2.c4 e6 3.Nc3 Bb4 4.Qc2 O-O 5.a3 Bxc3+ 6.Qxc3 d5 7.Nf3 dxc4 8.Qxc4 b6
9.Bg5 Ba6 10.Qa4 c5 11.Rd1 Qd7 12.Qc2 cxd4 13.Bxf6 gxf6 14.Rxd4 Qc6 15.Rg4+ Kh8
16.Qxc6 Nxc6 17.e3 Bb7 18.Bd3 f5 19.Rg3 Ne7 20.Ke2 Ng6 21.Rc1 Rac8 22.Rxc8 Rxc8
23.Kd2 Rd8 24.Kc3 Kg7 25.Nd4 Kf6 26.f4 Rc8+ 27.Kd2 Rd8 28.Kc3 Rc8+ 29.Kd2 Rd8  1/2-1/2

[Event "ch-FRA Blitz 2011"]
[Site "Nice FRA"]
[Date "2011.02.20"]
[Round "2"]
[White "Tournier,Math"]
[Black "Bacrot,E"]
[Result "0-1"]
[WhiteElo "2257"]
[BlackElo "2723"]

1.e4 e5 2.Nf3 Nc6 3.Bc4 Bc5 4.c3 Nf6 5.d3 O-O 6.Nbd2 d5 7.Bb3 dxe4 8.dxe4 Nh5
9.O-O Nf4 10.Nc4 Qe7 11.Ne3 Bxe3 12.Bxe3 Bg4 13.Bxf4 exf4 14.h3 Bh5 15.Qe2 Ne5
16.Kh2 Bxf3 17.gxf3 Rad8 18.Rad1 c6 19.Rg1 g6 20.Rd4 Qh4 21.Rgd1 Rde8 22.R1d2 Kg7
23.Rd6 Rd8 24.Rxd8 Rxd8 25.Rxd8 Qxd8 26.Bc2 a5 27.a3 b5 28.a4 Qb6 29.axb5 cxb5
30.Bb3 b4 31.Bd5 Qc5 32.cxb4 Qxb4 33.Kg2 Qe7 34.Kh2 h5 35.b3 g5 36.Qb2 Kg6
37.Kg2 Qc7 38.Qd4 Kh7 39.Bc4 Qe7 40.Bd5 Ng6 41.Qc3 Qe5 42.Qxe5 Nxe5 43.Bb7 Kg7
44.Bd5 Ng6 45.Bb7 Nh4+ 46.Kf1 Nxf3 47.Bd5 Ne5 48.Ke2 g4 49.hxg4 hxg4 50.Kf1 Kf6
51.Kg2 Ke7 52.Kh2 Kd6 53.Kg2 Kc5  0-1

[Event "ch-FRA Blitz 2011"]
[Site "Nice FRA"]
[Date "2011.02.20"]
[Round "5"]
[White "Bacrot,E"]
[Black "Vaisser,A"]
[Result "1/2-1/2"]
[WhiteElo "2723"]
[BlackElo "2522"]

1.Nf3 d5 2.d4 Nf6 3.c4 e6 4.g3 dxc4 5.Bg2 Be7 6.O-O O-O 7.Qc2 c6 8.Qxc4 b5
9.Qc2 Bb7 10.Rd1 Nbd7 11.Nc3 b4 12.Na4 Qa5 13.Bg5 c5 14.Bxf6 Nxf6 15.Nxc5 Bxf3
16.Nb3 Qb5 17.Bxf3 Rac8 18.Qd2 a5 19.Rac1 a4 20.Na1 Rxc1 21.Rxc1 Rd8 22.Bc6 Qb6
23.Bxa4 Rxd4 24.Rc8+ Bd8 25.Qc1 g6 26.Bc6 Kg7 27.Bf3 Qd6 28.Kg2 Rd1 29.Qf4 Qxf4
30.gxf4 Rxa1 31.Rxd8 Rxa2 32.Rd2 Nd5  1/2-1/2

[Event "ch-FRA Blitz 2011"]
[Site "Nice FRA"]
[Date "2011.02.20"]
[Round "6"]
[White "Hamdouchi,H"]
[Black "Bacrot,E"]
[Result "0-1"]
[WhiteElo "2592"]
[BlackElo "2723"]

1.e4 e5 2.Nf3 Nc6 3.Bb5 a6 4.Ba4 Nf6 5.O-O Be7 6.Re1 b5 7.Bb3 O-O 8.d3 d6
9.c3 Na5 10.Bc2 c5 11.Nbd2 Nc6 12.Nf1 Qb6 13.h3 h6 14.Be3 d5 15.exd5 Nxd5
16.d4 exd4 17.cxd4 c4 18.Ne5 Be6 19.Nxc6 Qxc6 20.a3 Rad8 21.Qf3 Qc7 22.Ng3 Nxe3
23.Rxe3 Bf6 24.Rxe6 fxe6 25.Qe4 g5 26.Qxe6+ Qf7 27.Qxa6 Bxd4 28.Nf5 Bg7 29.Qxb5 Qe6
30.Qa4 Rxf5 31.Bxf5 Qxf5 32.Qxc4+ Kh8 33.Qa2 Rd2 34.Rf1 Rxb2 35.Qc4 Rb8 36.a4 Qf4
37.Qc6 Qf5 38.Re1 Rb1 39.Rxb1 Qxb1+ 40.Kh2 Qf5 41.Qb6 Qf4+ 42.g3 Qxa4 43.Qd8+ Kh7
44.Qd3+ Kg8 45.Qd5+ Kf8 46.Qc5+ Kf7 47.Qc7+ Kg6 48.Qd6+ Bf6 49.Qd3+ Kg7 50.Qf5 Qd4
51.Qf3 Be5 52.Kg2 Bd6 53.Qb7+ Kg6 54.Qb1+ Kf6 55.Qb7 Bc5 56.Qc6+ Qd6 57.Qf3+ Kg7
58.Qe4 Qf6 59.Qc2 Bb6 60.Qe2 h5 61.Qc2 Qd4 62.Qe2 Qf6 63.Qc2 Kh6 64.Qe2 Bd4
65.Qd2 Kg7 66.Qe2 Qc6+ 67.Kg1 Qf6 68.Kg2 Kh6 69.Qd2 Qe5 70.Qc2 Qd5+ 71.Kg1 Qf3
72.Kf1 h4 73.gxh4 Qxh3+ 74.Ke2 Qe6+ 75.Kf1 Qh3+ 76.Ke2 Qg4+ 77.Kf1 gxh4 78.Qc4 Kg5
79.Qd5+ Kh6 80.Qb3 Bg7 81.Qb8 Kh7 82.Qb1+ Kh6 83.Qb6+ Kg5 84.Qc5+ Kg6 85.Qc6+ Kf7
86.Qc7+ Kg8 87.Qd8+ Bf8 88.Qd5+ Kh8 89.Qe5+ Kh7 90.Qc7+ Kg8 91.Qb7 h3 92.Qd5+ Kh8
93.Qe5+ Bg7 94.Qb8+ Kh7 95.Qb1+ Kh6 96.Qb6+ Kh5 97.Qc5+ Kg6 98.Qb6+ Bf6 99.Qb1+ Kg7
100.Qb7+ Kh6 101.Qc6 Qf5 102.Kg1 Qg6+ 103.Kh1 Qf5 104.Kh2  0-1

[Event "ch-FRA Blitz 2011"]
[Site "Nice FRA"]
[Date "2011.02.20"]
[Round "7"]
[White "Fedorchuk,S"]
[Black "Bacrot,E"]
[Result "1/2-1/2"]
[WhiteElo "2650"]
[BlackElo "2723"]

1.e4 e5 2.Nf3 Nc6 3.Bb5 Nf6 4.d3 Bc5 5.c3 O-O 6.O-O d6 7.Bg5 Bb6 8.Nbd2 Ne7
9.Bxf6 gxf6 10.Nh4 f5 11.Qh5 f4 12.Ndf3 f6 13.d4 Be6 14.dxe5 dxe5 15.Rad1 Qc8
16.Nxe5 fxe5 17.Qg5+ Kf7 18.Qh5+ Kg7 19.Qxe5+ Rf6 20.Bd7 Qg8 21.Qg5+ Ng6
22.Nf5+  1/2-1/2

[Event "ch-FRA Blitz 2011"]
[Site "Nice FRA"]
[Date "2011.02.20"]
[Round "8"]
[White "Bacrot,E"]
[Black "Bauer,Ch"]
[Result "1-0"]
[WhiteElo "2723"]
[BlackElo "2633"]

1.d4 Nf6 2.c4 e6 3.Nc3 Bb4 4.Qc2 c5 5.dxc5 Qc7 6.a3 Bxc5 7.Nf3 a6 8.Bg5 Be7
9.e4 d6 10.Be2 b6 11.O-O Bb7 12.Rfd1 Nbd7 13.h3 O-O 14.b4 Rac8 15.Rac1 Qb8
16.Qb1 Rfe8 17.Bf4 Bf8 18.Bh2 Red8 19.Nd4 Ne5 20.Bxe5 dxe5 21.Nb3 Qa8 22.f3 a5
23.bxa5 bxa5 24.a4 Qa7+ 25.Kh2 Bb4 26.Nb5 Qe3 27.Rxd8+ Rxd8 28.Rd1 Rf8 29.Qd3 Qg5
30.g3 Nh5 31.Rg1 Rd8 32.Qc2 Be1  1-0

[Event "ch-FRA Blitz 2011"]
[Site "Nice FRA"]
[Date "2011.02.20"]
[Round "10"]
[White "Lamard,G"]
[Black "Bacrot,E"]
[Result "0-1"]
[WhiteElo "2154"]
[BlackElo "2723"]

1.d4 Nf6 2.c4 g6 3.Nc3 Bg7 4.e4 d6 5.Bd3 e5 6.d5 c6 7.Nge2 a6 8.O-O O-O 9.h3 Nbd7
10.Be3 cxd5 11.cxd5 b5 12.Rc1 Nc5 13.Bxc5 dxc5 14.a4 c4 15.Bb1 Bd7 16.b3 b4
17.Na2 cxb3 18.Qxb3 a5 19.Rc5 Qb6 20.Rfc1 Bh6 21.R1c4 Rfc8 22.Rxc8+ Rxc8
23.Rxc8+ Bxc8 24.Nac1 Bd7 25.Bc2 Qc7 26.g3 Bxh3 27.Nd3 Bg4 28.Nec1 Nxe4 29.Kg2 Bf3+
30.Kg1 Nc3 31.Kf1 Bxd5 32.Qb2 Qd7 33.Bb3 Qh3+ 34.Ke1 Qh1+  0-1

[Event "ch-FRA Blitz 2011"]
[Site "Nice FRA"]
[Date "2011.02.20"]
[Round "11"]
[White "Podvin,F"]
[Black "Bacrot,E"]
[Result "1/2-1/2"]
[WhiteElo "1974"]
[BlackElo "2723"]

1.e4 e5 2.f4 exf4 3.Nf3 Ne7 4.Bc4 d5 5.exd5 Nxd5 6.Bxd5 Qxd5 7.Nc3 Qf5 8.Qe2+ Be7
9.d4 Qe6 10.Qxe6 Bxe6 11.Bxf4 c6 12.O-O-O Na6 13.d5 cxd5 14.Nxd5 Bc5 15.a3 O-O-O
16.Nc3 Rxd1+ 17.Rxd1 Rd8 18.Ne4 Rxd1+ 19.Kxd1 b6 20.Nxc5 Nxc5 21.Be3 Nd7
22.Nd4 Bd5 23.g3 Ne5 24.Bf4 Ng4 25.h4 Kd7 26.Nf5 g6 27.Ne3 Bf3+ 28.Kd2 Nf6
29.Nc4 Bd5 30.Ne5+ Ke6 31.c4 Bh1 32.Nd3 Nd7 33.Kc3 Bf3 34.b4 f6 35.Kd4 Be2
36.Nc1 Bf1 37.Nb3 Nf8 38.c5 Kd7 39.cxb6 axb6 40.a4 Ne6+ 41.Ke3 g5 42.hxg5 fxg5
43.Be5 h5 44.Nd4 Nxd4 45.Kxd4 Kc6 46.a5 bxa5 47.bxa5 Kb5 48.Bf6 g4 49.Bd8 Ka6  1/2-1/2

[Event "ch-FRA Blitz 2011"]
[Site "Nice FRA"]
[Date "2011.02.20"]
[Round "12"]
[White "Bacrot,E"]
[Black "Bressac,S"]
[Result "1-0"]
[WhiteElo "2723"]
[BlackElo "2209"]

1.d4 d5 2.Nf3 Nf6 3.c4 c6 4.Nc3 dxc4 5.a4 Bf5 6.e3 e6 7.Bxc4 Nbd7 8.O-O Bb4
9.Qe2 O-O 10.e4 Bg4 11.Rd1 Qa5 12.Na2 Be7 13.Bd2 Qh5 14.h3 Bxf3 15.Qxf3 Qxf3
16.gxf3 e5 17.dxe5 Nxe5 18.Be2 Rfd8 19.Be3 Ng6 20.a5 a6 21.Bb6 Re8 22.Nc1 Nf4
23.Bf1 Bd8 24.Be3 Ne6 25.Rd3 Nc7 26.Nb3 Nb5 27.Rd2 Be7 28.Rad1 Bb4 29.Rd3 Rac8
30.Bb6 g5 31.Re3 Kg7 32.Bc4 Nh5 33.Rd7 Re7 34.Red3 Rce8 35.Bd8 Nf4 36.Bxe7 Nxd3  1-0

[Event "ch-FRA Blitz 2011"]
[Site "Nice FRA"]
[Date "2011.02.20"]
[Round "13"]
[White "Garbarino,X"]
[Black "Bacrot,E"]
[Result "0-1"]
[WhiteElo "2262"]
[BlackElo "2723"]

1.d4 Nf6 2.Nf3 e6 3.Bg5 b6 4.e3 Bb7 5.Bd3 Be7 6.Nbd2 c5 7.c3 d5 8.Qa4+ Bc6
9.Qc2 Nbd7 10.O-O h6 11.Bh4 Qc7 12.Bg3 Bd6 13.Bxd6 Qxd6 14.e4 dxe4 15.Nxe4 Bxe4
16.Bxe4 Rd8 17.Rad1 O-O 18.Qe2 Qc7 19.Bc2 cxd4 20.Nxd4 Nc5 21.b4 Nb7 22.Rd3 Rd5
23.Rf3 Rfd8 24.Qa6 Nd6 25.Bb3 Rg5 26.Rd1  0-1

[Event "ch-FRA Blitz 2011"]
[Site "Nancy FRA"]
[Date "2011.03.12"]
[Round "10"]
[White "Fressinet,L"]
[Black "Bacrot,E"]
[Result "1-0"]
[WhiteElo "2693"]
[BlackElo "2718"]

1.e4 e5 2.Nf3 Nc6 3.Bc4 Nf6 4.Ng5 d5 5.exd5 Na5 6.Bb5+ c6 7.dxc6 bxc6 8.Bd3 h6
9.Ne4 Nd5 10.O-O Be7 11.Re1 O-O 12.Ng3 Bd6 13.Bf5 Bb7 14.d3 Nf4 15.Nc3 c5
16.Be4 Nc6 17.Nf5 Bc7 18.Bxf4 exf4 19.Qg4 Qf6 20.Nd5  1-0

[Event "ch-FRA Blitz 2011"]
[Site "Nancy FRA"]
[Date "2011.03.12"]
[Round "10"]
[White "Kasimdzhanov,R"]
[Black "Bacrot,E"]
[Result "0-1"]
[WhiteElo "2687"]
[BlackElo "2718"]

1.d4 Nf6 2.c4 c5 3.d5 e6 4.Nc3 d6 5.e4 exd5 6.cxd5 g6 7.Bd3 Bg7 8.Nge2 O-O
9.O-O a6 10.a4 Re8 11.Ng3 h5 12.Bg5 Nbd7 13.Qd2 Qc7 14.f4 c4 15.Bb1 Nc5 16.Ra3 Bd7
17.h3 Nb3 18.Qd1 Nh7 19.Kh1 Nxg5 20.fxg5 Re5 21.Qf3 Rf8 22.Qf4 f6 23.gxf6 Rxf6
24.Qe3 Qd8 25.Bc2 Nc5  0-1

[Event "ch-FRA Rapid 2011"]
[Site "Nancy FRA"]
[Date "2011.03.13"]
[Round "2"]
[White "Djuric,S"]
[Black "Bacrot,E"]
[Result "0-1"]
[WhiteElo "2434"]
[BlackElo "2718"]

1.e4 e5 2.Nc3 Nf6 3.g3 c6 4.d4 Bb4 5.dxe5 Nxe4 6.Qd4 Qa5 7.Ne2 Nxc3 8.Nxc3 O-O
9.Bd3 d6 10.exd6 Re8+ 11.Be3 c5 12.Qh4 Bxc3+ 13.bxc3 Qxc3+ 14.Ke2 h6 15.Rhe1 Nc6
16.Kf1 Be6 17.Rad1 Rad8 18.Bd2 Qb2 19.Rb1 Qxa2 20.Bxh6 Qd5 21.Be4 Bh3+ 22.Qxh3 Rxe4
23.c4 Qxc4+ 24.Kg1 Nd4 25.Bxg7 Kxg7 26.Rec1 Qd5 27.Qg2 Ne2+ 28.Kh1 Nxc1 29.Rxc1 Rxd6
30.f3 Qd1+  0-1

[Event "ch-FRA Rapid 2011"]
[Site "Nancy FRA"]
[Date "2011.03.13"]
[Round "5"]
[White "Bacrot,E"]
[Black "Harikrishna,P"]
[Result "1-0"]
[WhiteElo "2718"]
[BlackElo "2665"]

1.e4 c6 2.d4 d5 3.Nc3 dxe4 4.Nxe4 Nd7 5.g3 Ngf6 6.Nxf6+ Nxf6 7.Bg2 Bf5 8.Nf3 e6
9.O-O Bd6 10.c4 O-O 11.Be3 h6 12.Qe2 Re8 13.h3 Be4 14.Rfd1 Qe7 15.Rac1 Rad8
16.Ne5 Bxg2 17.Kxg2 Nd7 18.Nf3 Nf6 19.Rd3 Bc7 20.Rb3 Bb8 21.Rd1 b6 22.Rbd3 Nd7
23.Qd2 Nf8 24.Qc2 Ng6 25.R3d2 Qb7 26.Qe4 f5 27.Qc2 Qf7 28.Re2 e5 29.dxe5 Rxd1
30.Qxd1 Nxe5 31.Nxe5 Bxe5 32.b3 Bc7 33.Bc1 Rxe2 34.Qxe2 b5 35.cxb5 Qd5+ 36.Qf3 Qxb5
37.Bb2 Qc5 38.h4 Bb6 39.Bc3 h5 40.Kf1 g6 41.Bd2 Kf7 42.Be3 Qc2 43.Bxb6 axb6
44.a4 Qc5 45.Qd3 Ke6 46.Qd2 Qd5 47.Qe3+ Kd7 48.Qxb6 Qh1+ 49.Ke2 Qe4+ 50.Qe3 Qc2+
51.Qd2+  1-0

[Event "ch-FRA Rapid 2011"]
[Site "Nancy FRA"]
[Date "2011.03.13"]
[Round "6"]
[White "Kasimdzhanov,R"]
[Black "Bacrot,E"]
[Result "1-0"]
[WhiteElo "2687"]
[BlackElo "2718"]

1.d4 Nf6 2.c4 c6 3.Nc3 d5 4.e3 a6 5.Nf3 b5 6.b3 Bg4 7.Be2 e6 8.h3 Bf5 9.g4 Bg6
10.Ne5 bxc4 11.bxc4 Nbd7 12.Nxg6 hxg6 13.c5 g5 14.f4 gxf4 15.exf4 g6 16.Be3 Bg7
17.Rb1 Rb8 18.Rxb8 Qxb8 19.Qb3 Qc7 20.Bf3 O-O 21.Qa3 Rb8 22.Ke2 g5 23.fxg5 Nh7
24.Rf1 e5 25.Bxd5 cxd5 26.Nxd5 Qb7 27.Ne7+ Kf8 28.Nf5 Qb5+ 29.Ke1 exd4 30.c6+ Kg8
31.c7 Re8 32.g6 Ng5 33.c8=Q Rxc8 34.Bxg5 Re8+ 35.Ne7+ Kh8 36.gxf7 Qe5+ 37.Kd1 Rxe7
38.Qxe7 Qb5 39.f8=Q+  1-0

[Event "15th Neckar Open"]
[Site "Deizisau GER"]
[Date "2011.04.22"]
[Round "3"]
[White "Bacrot,E"]
[Black "Hirneise,J"]
[Result "1-0"]
[WhiteElo "2718"]
[BlackElo "2356"]

1.c4 Nf6 2.Nc3 g6 3.g3 Bg7 4.Bg2 O-O 5.e3 d6 6.Nge2 c5 7.O-O a6 8.d4 cxd4
9.exd4 Qc7 10.b3 Nc6 11.Bg5 h6 12.Bxf6 exf6 13.Qd2 f5 14.Rac1 Qa5 15.Rfd1 Rb8
16.Nd5 Qxd2 17.Rxd2 Rd8 18.Nb6 h5 19.f4 Re8 20.Rcd1 Bf6 21.Nc3 Bd8 22.Nca4 g5
23.d5 Na7 24.Bf3 h4 25.Re2 Kf8 26.Rxe8+ Kxe8 27.Re1+ Be7 28.fxg5 hxg3 29.h4 Kd8
30.Kg2  1-0

[Event "15th Neckar Open"]
[Site "Deizisau GER"]
[Date "2011.04.24"]
[Round "7"]
[White "Spirin,O"]
[Black "Bacrot,E"]
[Result "1-0"]
[WhiteElo "2474"]
[BlackElo "2718"]

1.d4 Nf6 2.Nf3 e6 3.c4 c5 4.g3 cxd4 5.Nxd4 d5 6.Bg2 e5 7.Nb3 d4 8.O-O Nc6
9.Bg5 Be7 10.N1d2 O-O 11.Re1 Qc7 12.e3 dxe3 13.Bxe3 Bg4 14.f3 Be6 15.a3 Rfd8
16.Qe2 Rd7 17.Rac1 Rad8 18.Bf1 a5 19.Qf2 a4 20.Na1 Qc8 21.Nc2 Bf5 22.b4 axb3
23.Nxb3 e4 24.g4 Be6 25.g5 Nh5 26.f4 Bg4 27.Bg2 Rd3 28.Nd2 Bxa3 29.Nxa3 Rxa3
30.Nxe4 Nb4 31.Qb2 Rxe3 32.Rxe3 Nd3 33.Rxd3 Rxd3 34.Qe5 Re3 35.Nf6+ gxf6
36.Qxe3 Qc7 37.gxf6 Nxf6 38.Qe5 Qd8 39.Qg5+ Kh8 40.Qe5 Kg7 41.Kh1 h6 42.Rg1 Qd3
43.Bxb7 Kh7 44.Bg2 Bf3 45.Qxf6 Bxg2+ 46.Kxg2 Qe2+ 47.Kh3 Qh5+ 48.Qh4 Qf3+
49.Rg3 Qf1+ 50.Kg4 Qe2+ 51.Rf3 f5+ 52.Kg3 Kg6 53.Qh3 Qxc4 54.Qf1 Qd4 55.Qf2 Qd5
56.h3 Kh5 57.Kh2 Qd6 58.Qe2 Kh4 59.Qe1+ Kh5 60.Rg3 Qxf4 61.Kg2 Qc4 62.Rf3 Qg8+
63.Qg3 Qd5 64.Kh2 Qd2+ 65.Rf2 Qf4 66.Kg2  1-0

[Event "TCh-FRA Top 12 2011"]
[Site "Mulhouse FRA"]
[Date "2011.05.26"]
[Round "1.1"]
[White "Housieaux,D"]
[Black "Bacrot,E"]
[Result "1/2-1/2"]
[WhiteElo "2436"]
[BlackElo "2705"]

1.d4 Nf6 2.c4 e6 3.g3 c5 4.d5 exd5 5.cxd5 d6 6.Nc3 g6 7.Bg2 Bg7 8.Nf3 Na6
9.O-O O-O 10.Nd2 Nc7 11.Nc4 Nfe8 12.a4 b6 13.Bd2 Ba6 14.b3 f5 15.Qc1 Nf6
16.Bh6 Bxh6 17.Qxh6 Nce8 18.Qd2 Rb8 19.Rfe1 Ng7 20.Qf4 Nfe8 21.Qd2 Nf6  1/2-1/2

[Event "FIDE World Cup 2011"]
[Site "Khanty-Mansiysk RUS"]
[Date "2011.09.04"]
[Round "3.2"]
[White "Radjabov,T"]
[Black "Bacrot,E"]
[Result "1-0"]
[WhiteElo "2744"]
[BlackElo "2710"]

1.e4 e5 2.Nf3 Nc6 3.Bc4 Bc5 4.d3 Nf6 5.O-O O-O 6.Nbd2 d5 7.exd5 Nxd5 8.Re1 Nf6
9.h3 Bd6 10.a3 a6 11.Ba2 Bf5 12.b4 Re8 13.Bb2 h6 14.Ne4 Be6 15.Bxe6 Rxe6
16.c4 Nxe4 17.dxe4 a5 18.c5 Bf8 19.Qb3 axb4 20.axb4 Rxa1 21.Rxa1 b6 22.b5 Nd4
23.Nxd4 exd4 24.Qd5 Qxd5 25.exd5 Re5 26.d6 Rxc5 27.Bxd4 Bxd6 28.Bxc5 Bxc5
29.Ra8+ Kh7 30.Kf1 Kg6 31.Re8 h5 32.Ke2 Kf5 33.g3 g6 34.Kf3 g5 35.g4+ hxg4+
36.hxg4+ Kf6 37.Rg8 Be7 38.Ke4 Ke6 39.Rh8 Bc5 40.Rh6+ f6 41.f4 gxf4 42.g5 Be7
43.Kxf4 Bd6+ 44.Kg4 Be5 45.Kh5 Bd4 46.g6 f5 47.Rh7 f4 48.Rf7  1-0

[Event "Donostia KO GpA"]
[Site "San Sebastian ESP"]
[Date "2012.01.03"]
[Round "5"]
[White "Moiseenko,A1"]
[Black "Bacrot,E"]
[Result "1/2-1/2"]
[WhiteElo "2715"]
[BlackElo "2714"]

1.d4 Nf6 2.c4 e6 3.Nc3 Bb4 4.Bg5 c5 5.d5 exd5 6.cxd5 O-O 7.e3 d6 8.Bd3 Nbd7
9.Ne2 h6 10.Bh4 Ne5 11.O-O Ng6 12.Bg3 Nh5 13.f4 f5 14.Bf2 Nf6 15.Kh1 Bd7
16.h3 Kh8 17.Qc2 Ne7 18.Bh4 Ng6 19.Bf2 Ne7 20.Bh4 Ng6 21.Bf2  1/2-1/2